The people's culture, from Kyoto to Edo
Contents: The wellsprings of Japanese culture; The 15th century; The 16th century; The 17th century; The 18th century.
Guardado en:
| Formato: | Libro |
|---|---|
| Lenguaje: | Undetermined |
| Publicado: |
Hiroshima, Japan
Mazda Motor Corp.
1986
|
| Materias: | |
| Etiquetas: |
Agregar Etiqueta
Sin Etiquetas, Sea el primero en etiquetar este registro!
|
| Thư viện lưu trữ: | Trung tâm Học liệu Trường Đại học Cần Thơ |
|---|
| LEADER | 00712nam a2200205Ia 4500 | ||
|---|---|---|---|
| 001 | CTU_222429 | ||
| 008 | 210402s9999 xx 000 0 und d | ||
| 082 | |a 952 | ||
| 082 | |b P419 | ||
| 245 | 4 | |a The people's culture, from Kyoto to Edo | |
| 245 | 0 | |c Edited by Yoshida Mitsukuni, Tanaka Ikko, and Sesoko Tsune | |
| 260 | |a Hiroshima, Japan | ||
| 260 | |b Mazda Motor Corp. | ||
| 260 | |c 1986 | ||
| 520 | |a Contents: The wellsprings of Japanese culture; The 15th century; The 16th century; The 17th century; The 18th century. | ||
| 650 | |a Japan,Nhật Bản | ||
| 650 | |x Civilization,Văn minh | ||
| 650 | |y To 1868,1868 | ||
| 904 | |i Tuyến | ||
| 980 | |a Trung tâm Học liệu Trường Đại học Cần Thơ | ||